000
00336 a2200145 4500
001
153556
040
_c
Escola São Tomás de Aquino
100
_a
CONY, Carlos Heitor
240
1
0
_a
O suor e a lágrima
_l
por
245
1
0
_a
O suor e a lágrima
362
0
_a
2002
440
1
_a
Dimensão
697
_a
*LITERATURA JUVENIL
942
_c
BK
999
_c
153556
_d
153556